Statistiche per Miglior piazzamento in UEFA Champions League - Quiz n°6

Clicka qui per fare il quiz!

Statistiche generali

  • Questo quiz è stato fatto 9 volte
  • Il punteggio medio è 8 su 17

Statistiche sulle risposte

HintRisposta% Corretto
AjaxCampione
89%
Paris Saint-GermainFinale
78%
Maccabi HaifaFase a gironi
67%
ArsenalFinale
67%
Deportivo La CoruñaSemifinale
67%
CopenaghenOttavi di finale / Seconda fase a gironi
56%
Red Bull LipsiaSemifinale
56%
RennesFase a gironi
44%
Eintracht FrancoforteOttavi di finale / Seconda fase a gironi
44%
Leicester UtdQuarti di finale
44%
Shakhtar DonetskQuarti di finale
44%
LazioQuarti di finale
44%
Slavia PragaFase a gironi
33%
Spartak MoscaQuarti di finale
33%
FenerbahçeQuarti di finale
11%
CelticOttavi di finale / Seconda fase a gironi
0%
Legia VarsaviaQuarti di finale
0%

Distribuzione punteggi

Percentile per numero di risposta

Percentuale di utenti per punteggio

I tuoi punteggi nel tempo

Non hai fatto questo quiz